Visualizzazione normale
Vista MARC
- Gazzaniga Giuseppe
di Personal Name
Records bibliografici associati: 1
001 - CONTROL NUMBER
- control field: 2390
003 - CONTROL NUMBER IDENTIFIER
- control field: IT-RoPau
005 - DATE AND TIME OF LATEST TRANSACTION
- control field: 20131120102355.0
008 - FIXED-LENGTH DATA ELEMENTS
- fixed length control field: 131120|| aca||aabn | a|a d
040 ## - CATALOGING SOURCE
- Original cataloging agency: IT-RoPau
- Transcribing agency: IT-RoPau
100 ## - HEADING--PERSONAL NAME
- Personal name: Gazzaniga Giuseppe
670 ## - SOURCE DATA FOUND
- Source citation: Work cat.: (IT-RoPau)103926: Gazzaniga Giuseppe, Convitato di pietra (Il)